Ultimos #9 de River Plate (2000-26) - Estadísticas

Estadísticas generales
  • Esta prueba ha sido intentada 56 veces
  • La puntuación promedio es 13 de 19
Estadísticas de respuestas
Imagen Hint Respuesta % Correcto
2018-22 Julián Alvarez
92%
2022-2025 Miguel Borja
92%
2019 Lucas Pratto
88%
2008-09 Radamel Falcao
87%
2013 Rodrigo Mora
87%
2010-13 Rogelio Funes Mori
87%
2006 Gonzalo Higuaín
85%
2016/2026-Act. Sebastián Driussi
85%
2002-04/2011-12/2014-15 Fernando Cavenaghi
79%
2004 Maxi López
75%
2014 Giovanni Simeone
73%
2016-17 Marcelo Larrondo
67%
2007 Marco Ruben
67%
2000 Juan Pablo Ángel
65%
2005-07 Ernesto Farías
60%
2001 Martín Cardetti
40%
2006 Luciano Figueroa
38%
2009 Mauro Diaz
23%
2002 Juan Eduardo Esnáider
17%
No se encontraron pruebas coincidentes
Distribución de puntuación
Porcentaje de gente con cada puntuación
Porcentaje por número respondido
Historial de tus puntuaciones
No has intentado esta prueba.